Virtual Museum of Surveying (Record no. 119957)

MARC details
000 -LEADER
fixed length control field 00696cam a2200193 4500
001 - CONTROL NUMBER
control field WS116134
008 - FIXED-LENGTH DATA ELEMENTS--GENERAL INFORMATION
fixed length control field 020104n 000 0 eng u
035 ## - SYSTEM CONTROL NUMBER
System control number (Sirsi) u116134
245 ## - TITLE STATEMENT
Title Virtual Museum of Surveying
520 ## - SUMMARY, ETC.
Summary, etc. American web site on the history of surveying. Includes articles and photos, a directory of compass makers and details of surveying instruments.
650 ## - SUBJECT ADDED ENTRY--TOPICAL TERM
Topical term or geographic name entry element HISTORY
650 ## - SUBJECT ADDED ENTRY--TOPICAL TERM
Topical term or geographic name entry element USA
650 ## - SUBJECT ADDED ENTRY--TOPICAL TERM
Topical term or geographic name entry element INTERNATIONAL
650 ## - SUBJECT ADDED ENTRY--TOPICAL TERM
Topical term or geographic name entry element SURVEYING INSTRUMENTS
650 ## - SUBJECT ADDED ENTRY--TOPICAL TERM
Topical term or geographic name entry element COMPASSES
690 ## - LOCAL SUBJECT ADDED ENTRY--TOPICAL TERM (OCLC, RLIN)
Topical term or geographic name as entry element MANAGEMENT-BUSINESS MANAGEMENT-PROFESSIONAL PRACTICE
856 40 - ELECTRONIC LOCATION AND ACCESS
Uniform Resource Identifier <a href="https://www.surveyhistory.org">https://www.surveyhistory.org</a>
Public note View the website free of charge at www.surveyhistory.org...
942 ## - ADDED ENTRY ELEMENTS (KOHA)
Suppress in OPAC 0
Holdings
Withdrawn status Lost status Source of classification or shelving scheme Damaged status Not for loan Home library Current library Shelving location Date acquired Total Checkouts Full call number Barcode Date last seen Copy number Price effective from Koha item type
    Dewey Decimal Classification     Virtual Virtual Online 04/01/2002   WEB SITE 116134-2001 06/08/2019 1 06/08/2019 Online material